| 000 | 01194nam a22003017a 4500 | ||
|---|---|---|---|
| 005 | 20180224155621.0 | ||
| 010 | _a1516EN07 ENG-114554 B-663996 | ||
| 020 |
_a9788131527269 _c1295.00 |
||
| 020 |
_a8131527263 _c1295.00 |
||
| 035 | _aEN-98086 | ||
| 035 | _aB-605097-107 | ||
| 035 | _aB-663996 | ||
| 037 |
_bRajasthani Granthgar _adpl |
||
| 037 | _bDBAD/PUB | ||
| 082 | _a301.072 | ||
| 100 | _aBabbie, Earl | ||
| 245 | 0 | 0 |
_aThe basics of social research / _cby Earl Babbie |
| 250 | _a6th ed | ||
| 260 |
_aDelhi _bCengage Learninig _c2015 |
||
| 270 |
_a418, F.I.E, Patparganj, _bDelhi _e110092 |
||
| 300 |
_axxvii, 542p. : _c26cm(pbk) _bill. |
||
| 500 | _aIncludes bibliographical references and index | ||
| 650 |
_a Social sciences _xResearch. |
||
| 650 |
_a Social sciences _xMethodology. |
||
| 942 |
_2ddc _cEN _mBAB _h301.072 |
||
| 999 |
_c96078 _d96078 |
||